[Event "CYCC U10"]
[Site "Kapuskasing CAN"]
[Date "2003.07.09"]
[Round "6"]
[White "Xiong, Jerry"]
[Black "Mai, Lloyd"]
[Result "0-1"]
[WhiteElo "1241"]
[BlackElo "1595"]
[PlyCount "96"]
[EventDate "2003.07.07"]
[EventType "swiss"]
[EventRounds "7"]
[EventCountry "CAN"]
[Source "LesEchecs.com"]
[SourceDate "2003.03.18"]

1. e4 e5 2. f4 d6 3. Nf3 Nd7 4. Bc4 Be7 5. Nc3 Ngf6 6. d3 c6 7. O-O Qc7 8. Be3
Ng4 9. Bf2 Nb6 10. Bb3 a5 11. a4 O-O 12. f5 Kh8 13. Qe2 g6 14. Nh4 Nxf2 15.
Qxf2 Nd7 16. Qg3 Kg7 17. Rae1 Nf6 18. Ne2 Qd8 19. Nf3 Bd7 20. Kh1 Kh8 21. fxg6
fxg6 22. Neg1 Nh5 23. Qf2 Rf6 24. c3 Nf4 25. Qd2 Qc7 26. Ne2 Raf8 27. Ng3 Be6
28. Bxe6 Nxe6 29. Qe3 Nf4 30. d4 b5 31. axb5 cxb5 32. d5 Rc8 33. Nd2 Qb7 34.
Nb3 a4 35. Na5 Qa6 36. Nc6 Bd8 37. Ne2 Bb6 38. Qd2 Rcf8 39. g3 Nh3 40. Rxf6
Rxf6 41. Kg2 Nf2 42. Ng1 Ng4 43. Nh3 Qc8 44. Qg5 h6 45. Qd2 Qf8 46. Qd3 Rf2+
47. Nxf2 Qxf2+ 48. Kh3 Qxh2+ 0-1

[Event "CYCC U10 w"]
[Site "Kapuskasing CAN"]
[Date "2003.07.07"]
[Round "1"]
[White "Frenette, Catherine"]
[Black "Nguyen, Bich-Lan"]
[Result "1-0"]
[WhiteElo "1071"]
[BlackElo "839"]
[PlyCount "67"]
[EventDate "2003.07.07"]
[EventType "swiss"]
[EventRounds "7"]
[EventCountry "CAN"]

1. d4 d5 2. f4 Nc6 3. e3 Bf5 4. g4 Be4 5. Nf3 Nf6 6. g5 Nd7 7. Nc3 e6 8. Bb5
Bb4 9. Bd2 O-O 10. Qe2 Bxc2 11. Bxc6 bxc6 12. h4 Bxc3 13. Bxc3 Be4 14. O-O-O c5
15. Rdg1 cxd4 16. Bxd4 c5 17. Bc3 Rb8 18. g6 d4 19. gxh7+ Kxh7 20. Ng5+ Kg8 21.
Nxe4 dxc3 22. Nxc3 Qb6 23. b3 Rb7 24. Qg2 g6 25. h5 e5 26. hxg6 fxg6 27. Qh2
Kf7 28. Qh7+ Ke8 29. Rxg6 Qc7 30. Nd5 Nf6 31. Nxc7+ Rxc7 32. Qxc7 Nd7 33. Rh7
Nb6 34. Qe7# 1-0

[Event "CYCC U10 w"]
[Site "Kapuskasing CAN"]
[Date "2003.07.07"]
[Round "1"]
[White "Kagramanov, Dalia"]
[Black "Percival, Helen"]
[Result "0-1"]
[WhiteElo "766"]
[BlackElo "946"]
[PlyCount "102"]
[EventDate "2003.07.07"]
[EventType "swiss"]
[EventRounds "7"]
[EventCountry "CAN"]

1. e4 e5 2. Nf3 Nc6 3. Bc4 Nf6 4. Nc3 Nxe4 5. Nxe4 d5 6. d3 dxc4 7. O-O Bb4 8.
Bg5 Qd7 9. dxc4 O-O 10. Qxd7 Bxd7 11. Rad1 Bf5 12. Ng3 Bg4 13. Rd3 Bd6 14. Re3
h6 15. Bh4 Rae8 16. Rfe1 f6 17. c3 Bc5 18. Nd4 Nxd4 19. cxd4 Bxd4 20. Re4 Bc8
21. b4 Bc3 22. R1e3 Bd4 23. Rf3 Bd7 24. b5 a6 25. a4 Be6 26. Nh5 Rd8 27. Rg3
Rf7 28. Bxf6 Rdd7 29. h3 Bxc4 30. Reg4 Kf8 31. Bxg7+ Ke8 32. Nf6+ Rxf6 33. Bxf6
Be6 34. Rg8+ Bxg8 35. Rxg8+ Kf7 36. Rg7+ Ke6 37. Rg6 Rf7 38. Bh4+ Kd7 39. bxa6
bxa6 40. Rxa6 Rf4 41. Bg3 Re4 42. Ra8 Re1+ 43. Kh2 Ra1 44. a5 Kc6 45. f4 Bg1+
46. Kh1 Be3+ 47. Kh2 exf4 48. Bh4 Bg1+ 49. Kh1 Bf2+ 50. Kh2 Bxh4 51. a6 Bg3#
0-1

[Event "CYCC U10 w"]
[Site "Kapuskasing CAN"]
[Date "2003.07.07"]
[Round "1"]
[White "Yuan, Yuanling"]
[Black "Lachance, Venessa"]
[Result "1-0"]
[WhiteElo "1535"]
[BlackElo "922"]
[PlyCount "69"]
[EventDate "2003.07.07"]
[EventType "swiss"]
[EventRounds "7"]
[EventCountry "CAN"]

1. e4 e5 2. Nf3 Nc6 3. Bb5 Nge7 4. c3 Na5 5. Nxe5 c6 6. Ba4 h5 7. Bb3 d5 8.
exd5 cxd5 9. O-O b5 10. Bc2 Nc4 11. Re1 Nd6 12. Qf3 Be6 13. d4 Rg8 14. Qxh5 Qc7
15. Qh7 O-O-O 16. Nd2 Ndf5 17. Qh5 g6 18. Qe2 f6 19. Nxg6 Rxg6 20. Qxe6+ Qd7
21. Bxf5 Nxf5 22. Qxd7+ Kxd7 23. Nb3 Nh4 24. Re2 Bd6 25. g3 Nf3+ 26. Kh1 Rh8
27. Kg2 Rxh2+ 28. Kxf3 f5 29. Bf4 Bf8 30. Rae1 Rg7 31. Re8 Rf7 32. Nc5+ Kc6 33.
Rc8+ Kb6 34. Re6+ Ka5 35. b4# 1-0

[Event "CYCC U10 w"]
[Site "Kapuskasing CAN"]
[Date "2003.07.07"]
[Round "2"]
[White "Lachance, Venessa"]
[Black "Kagramanov, Dalia"]
[Result "0-1"]
[WhiteElo "922"]
[BlackElo "766"]
[PlyCount "60"]
[EventDate "2003.07.07"]
[EventType "swiss"]
[EventRounds "7"]
[EventCountry "CAN"]

1. e4 c6 2. d3 d5 3. exd5 cxd5 4. d4 Nc6 5. Nc3 Nf6 6. Nf3 Bg4 7. Bb5 e6 8. Qd3
Bd6 9. Nh4 O-O 10. Nf3 e5 11. dxe5 Bxe5 12. Nxe5 Nxe5 13. Qd4 Qe7 14. Bf4 Nc6+
15. Qe3 Rfe8 16. Bd3 d4 17. Qxe7 Rxe7+ 18. Ne2 Bxe2 19. Bxe2 Rae8 20. O-O-O
Rxe2 21. Rhf1 R8e4 22. Bg5 Nb4 23. f3 Rxc2+ 24. Kb1 Ree2 25. a3 Rxb2+ 26. Ka1
Ra2+ 27. Kb1 Reb2+ 28. Kc1 Rc2+ 29. Kb1 Nbd5 30. Rd2 Nc3# 0-1

[Event "CYCC U10 w"]
[Site "Kapuskasing CAN"]
[Date "2003.07.08"]
[Round "3"]
[White "Yuan, Yuanling"]
[Black "Smith, Stephanie"]
[Result "1-0"]
[WhiteElo "1535"]
[BlackElo "1172"]
[PlyCount "25"]
[EventDate "2003.07.07"]
[EventType "swiss"]
[EventRounds "7"]
[EventCountry "CAN"]
[Source "CFC"]
[SourceDate "2003.08.??"]

1. e4 e5 2. Nf3 Nc6 3. Bb5 Nge7 4. c3 d6 5. Ba4 g6 6. d4 exd4 7. cxd4 Bd7 8.
Bf4 Bg7 9. Nc3 O-O 10. O-O Nc8 11. Qd2 Nb6 12. Bb3 Qf6 13. Bg5 1-0

[Event "CYCC U10 w"]
[Site "Kapuskasing CAN"]
[Date "2003.07.08"]
[Round "4"]
[White "Frenette, Catherine"]
[Black "Yuan, Yuanling"]
[Result "1-0"]
[WhiteElo "1071"]
[BlackElo "1535"]
[PlyCount "47"]
[EventDate "2003.07.07"]
[EventType "swiss"]
[EventRounds "7"]
[EventCountry "CAN"]
[Source "CFC"]
[SourceDate "2003.08.??"]

1. d4 f5 2. f4 e6 3. e3 Be7 4. Nf3 Nf6 5. Nc3 O-O 6. h3 d5 7. Ne5 Nbd7 8. g4
Nxe5 9. dxe5 Ne4 10. Nxe4 fxe4 11. g5 Bxg5 12. fxg5 Qxg5 13. Qg4 Qxe5 14. Rg1
Bd7 15. c3 Ba4 16. Qg5 Rf5 17. Qg4 h6 18. h4 Qf6 19. Bh3 Rf8 20. Qg6 Qxh4+ 21.
Rg3 R5f7 22. Bxe6 Qh1+ 23. Rg1 Qf3 24. Qxg7# 1-0

[Event "CYCC U12"]
[Site "Kapuskasing CAN"]
[Date "2003.07.07"]
[Round "1"]
[White "Eshleman, Brandon"]
[Black "Parcham Kashani, Ashkan"]
[Result "1-0"]
[WhiteElo "1903"]
[BlackElo "1030"]
[PlyCount "71"]
[EventDate "2003.07.07"]
[EventType "swiss"]
[EventRounds "7"]
[EventCountry "CAN"]

1. e4 c6 2. d4 d5 3. e5 Bf5 4. c3 e6 5. Bd3 Bxd3 6. Qxd3 Nd7 7. Nf3 c5 8. O-O
Qb6 9. Nbd2 Ne7 10. b3 cxd4 11. cxd4 Nc6 12. a3 Be7 13. b4 a6 14. Nb3 O-O 15.
Bd2 a5 16. b5 Ncb8 17. a4 Rc8 18. Rac1 Rc7 19. Ng5 f5 20. Rxc7 Qxc7 21. Nxe6
Qc8 22. Rc1 Qe8 23. Nc7 Qf8 24. Nxa8 Bd8 25. Nc7 Qe7 26. Nxd5 Qe6 27. Nf4 Qf7
28. e6 Qe7 29. exd7 Qxd7 30. Nc5 Qc7 31. Qxf5 Be7 32. Nd5 Qd6 33. Nxe7+ Qxe7
34. Re1 Qd6 35. Re8+ Qf8 36. Rxf8# 1-0

[Event "CYCC U12"]
[Site "Kapuskasing CAN"]
[Date "2003.07.07"]
[Round "1"]
[White "Lafleche, Johnathan"]
[Black "Chung, Kevin"]
[Result "0-1"]
[WhiteElo "857"]
[BlackElo "1324"]
[PlyCount "64"]
[EventDate "2003.07.07"]
[EventType "swiss"]
[EventRounds "7"]
[EventCountry "CAN"]

1. e4 e6 2. Nc3 d5 3. d4 dxe4 4. Nxe4 Nf6 5. Bd3 Nc6 6. Nf3 Be7 7. O-O O-O 8.
b3 Nxd4 9. Nxf6+ Bxf6 10. Bb2 Nxf3+ 11. Qxf3 Bxb2 12. Rab1 Bf6 13. Rfe1 Bd7 14.
Qxb7 Bh4 15. Qe4 g6 16. g3 Bf6 17. Re2 Bg7 18. Rbe1 Qe7 19. Qg2 Bc3 20. Rd1 Qc5
21. Qf1 Bc6 22. a4 Bf3 23. h4 Bxe2 24. Bxe2 Rfd8 25. Qg2 Rxd1+ 26. Bxd1 Rd8 27.
Be2 Rd2 28. Qf1 Be5 29. Qe1 Bxg3 30. Bb5 Bxf2+ 31. Qxf2 Qxf2+ 32. Kh1 Qh2# 0-1

[Event "CYCC U12"]
[Site "Kapuskasing CAN"]
[Date "2003.07.07"]
[Round "1"]
[White "Li, Johnathan"]
[Black "Brown, Gabriel"]
[Result "0-1"]
[WhiteElo "1135"]
[BlackElo "1412"]
[PlyCount "84"]
[EventDate "2003.07.07"]
[EventType "swiss"]
[EventRounds "7"]
[EventCountry "CAN"]

1. e4 c5 2. Nf3 d6 3. d4 cxd4 4. Nxd4 Nf6 5. Nc3 a6 6. Bg5 e6 7. Qd2 Be7 8.
O-O-O b5 9. f4 Bb7 10. Bxf6 Bxf6 11. Ndxb5 axb5 12. Bxb5+ Bc6 13. Bxc6+ Nxc6
14. Qxd6 Qxd6 15. Rxd6 Bxc3 16. Rxc6 Rxa2 17. Kb1 Rxb2+ 18. Kc1 Ra2 19. Rxc3
Ra1+ 20. Kb2 Rxh1 21. Rc8+ Ke7 22. Rxh8 Rxh2 23. Kb3 Rxg2 24. Rxh7 Rg4 25. Kb4
Rxf4 26. Rxg7 Rxe4+ 27. Kb5 e5 28. c4 Re1 29. c5 e4 30. Kb6 e3 31. Rg4 e2 32.
Re4+ Kd7 33. Rd4+ Kc8 34. Kc6 Rc1 35. Ra4 Rxc5+ 36. Kxc5 e1=Q 37. Rc4 Qe3+ 38.
Kd5+ Kd7 39. Rd4 Qf3+ 40. Ke5+ Ke7 41. Re4 f5 42. Re1 Qg3+ 0-1

[Event "CYCC U12"]
[Site "Kapuskasing CAN"]
[Date "2003.07.07"]
[Round "1"]
[White "Raymer, Evan"]
[Black "Thrones, Tyler"]
[Result "1-0"]
[WhiteElo "1383"]
[BlackElo "947"]
[PlyCount "57"]
[EventDate "2003.07.07"]
[EventType "swiss"]
[EventRounds "7"]
[EventCountry "CAN"]

1. e4 e5 2. Nf3 Nc6 3. Bc4 Bc5 4. d3 Nf6 5. Bg5 h6 6. Bh4 g5 7. Bg3 d6 8. Nc3
Bg4 9. h3 Bxf3 10. Qxf3 Nd4 11. Qd1 a6 12. Ne2 b5 13. Bb3 g4 14. hxg4 Nxg4 15.
Nxd4 Qf6 16. Nf5 c6 17. Qxg4 d5 18. exd5 cxd5 19. Bxd5 Bb4+ 20. Qxb4 Qxf5 21.
Bxa8 Kd7 22. Bd5 Rc8 23. Rxh6 f6 24. f3 Rxc2 25. Qg4 Qxg4 26. fxg4 Kd6 27. Be4
Rxb2 28. Rxf6+ Kc5 29. Bxe5 1-0

[Event "CYCC U12"]
[Site "Kapuskasing CAN"]
[Date "2003.07.07"]
[Round "2"]
[White "Brown, Gabriel"]
[Black "Ang, Adrian"]
[Result "1-0"]
[WhiteElo "1412"]
[BlackElo "1064"]
[PlyCount "57"]
[EventDate "2003.07.07"]
[EventType "swiss"]
[EventRounds "7"]
[EventCountry "CAN"]

1. c4 e5 2. Nc3 Nc6 3. g3 Nf6 4. Bg2 d6 5. e3 Nb4 6. d4 exd4 7. exd4 Bf5 8.
Qa4+ Nc6 9. Bxc6+ bxc6 10. Qxc6+ Bd7 11. Qg2 g6 12. Nge2 Bg7 13. O-O O-O 14.
Bf4 Qc8 15. Rfe1 Bh3 16. Qh1 Re8 17. Nd5 Nxd5 18. Qxd5 Qg4 19. Nc3 c6 20. Qxc6
Rxe1+ 21. Rxe1 Rc8 22. Re8+ Rxe8 23. Qxe8+ Bf8 24. Bxd6 Kg7 25. Qxf8+ Kf6 26.
Qe7+ Kg7 27. Qf8+ Kf6 28. Be7+ Kf5 29. Qc8# 1-0

[Event "CYCC U12"]
[Site "Kapuskasing CAN"]
[Date "2003.07.07"]
[Round "2"]
[White "Chung, Kevin"]
[Black "Eshleman, Brandon"]
[Result "1-0"]
[WhiteElo "1324"]
[BlackElo "1903"]
[PlyCount "131"]
[EventDate "2003.07.07"]
[EventType "swiss"]
[EventRounds "7"]
[EventCountry "CAN"]

1. e4 e5 2. Nf3 Nc6 3. d4 exd4 4. Nxd4 Bc5 5. Be3 Nxd4 6. Bxd4 Bxd4 7. Qxd4 Qf6
8. c3 Qxd4 9. cxd4 Nf6 10. e5 Nd5 11. Nc3 Nb4 12. Rc1 O-O 13. Be2 Nc6 14. Rd1
f6 15. exf6 Rxf6 16. Nd5 Rd6 17. Nxc7 Rb8 18. Nb5 Rg6 19. O-O a6 20. Nc3 d6 21.
Rfe1 Bd7 22. Nd5 Kf8 23. Nb6 Bf5 24. Bd3 Bxd3 25. Nd7+ Kf7 26. Nxb8 Nxb8 27.
Rxd3 Nc6 28. Rf3+ Rf6 29. Rxf6+ Kxf6 30. d5 Nd4 31. Re4 Nb5 32. Re6+ Kf7 33. a4
Nc7 34. Rxd6 Ke7 35. Rb6 Nxd5 36. Rxb7+ Kf6 37. g3 h6 38. Kf1 g5 39. Ke2 h5 40.
Kd3 Ke5 41. Rh7 Nf6 42. Rh6 Ng4 43. Rxa6 Nxf2+ 44. Kc4 Ng4 45. a5 Nxh2 46. Rc6
Nf1 47. a6 Nxg3 48. a7 Kf4 49. a8=Q Kg4 50. Rd6 Kh4 51. Rd3 g4 52. Rxg3 Kxg3
53. Qh1 h4 54. Kd3 h3 55. Ke3 h2 56. b4 Kh3 57. Kf2 g3+ 58. Kf3 Kh4 59. Qg2 Kh5
60. Qh3+ Kg6 61. Qxg3+ Kf6 62. Qxh2 Ke6 63. Qh5 Kd6 64. b5 Kc7 65. Qg6 Kb7 66.
b6 1-0

[Event "CYCC U12"]
[Site "Kapuskasing CAN"]
[Date "2003.07.07"]
[Round "2"]
[White "Trandafir, Stefan"]
[Black "Pauric, Denis"]
[Result "1-0"]
[WhiteElo "1215"]
[BlackElo "1628"]
[PlyCount "54"]
[EventDate "2003.07.07"]
[EventType "swiss"]
[EventRounds "7"]
[EventCountry "CAN"]

1. d4 d5 2. Nf3 Nf6 3. e3 Bf5 4. Bd3 Bg6 5. Nbd2 Nbd7 6. O-O e6 7. Re1 Bd6 8.
e4 dxe4 9. Nxe4 Nxe4 10. Bxe4 Bxe4 11. Rxe4 Nf6 12. Bg5 O-O 13. Rh4 Be7 14. Qd3
g6 15. Ne5 Ne8 16. Bxe7 Qxe7 17. Qh3 Nf6 18. Re1 Qb4 19. c3 Qxb2 20. g4 Qd2 21.
Re3 Qd1+ 22. Kg2 Nd5 23. Rf3 f5 24. Rxh7 Ne3+ 25. Rxe3 fxg4 26. Rh8+ Kg7 27.
Qh7+ Kf6 1-0

[Event "CYCC U12"]
[Site "Kapuskasing CAN"]
[Date "2003.07.08"]
[Round "3"]
[White "Ang, Alan"]
[Black "Schimper, Shawn"]
[Result "1-0"]
[WhiteElo "1236"]
[BlackElo "791"]
[PlyCount "59"]
[EventDate "2003.07.07"]
[EventType "swiss"]
[EventRounds "7"]
[EventCountry "CAN"]

1. e4 e5 2. Nf3 d6 3. Nc3 Be7 4. Bc4 Nf6 5. d3 O-O 6. Be3 Bd7 7. Qd2 Qc8 8.
O-O-O Be6 9. Bxe6 Qxe6 10. h3 Nc6 11. g4 d5 12. exd5 Nxd5 13. Nxd5 Qxd5 14. Ng5
b6 15. c4 Bb4 16. cxd5 Bxd2+ 17. Kxd2 Ne7 18. Ne6 Rfe8 19. Nxc7 Nxd5 20. Nxe8
Nxe3 21. fxe3 Rxe8 22. Rc1 g6 23. Rc7 Rb8 24. Rg1 f5 25. gxf5 Rf8 26. fxg6 hxg6
27. Rxg6+ Kh8 28. Rc4 Kh7 29. Rg2 Rg8 30. Rh4# 1-0

[Event "CYCC U12"]
[Site "Kapuskasing CAN"]
[Date "2003.07.08"]
[Round "3"]
[White "Lu, David"]
[Black "Hutchison, Jason"]
[Result "1-0"]
[WhiteElo "1552"]
[BlackElo "1365"]
[PlyCount "117"]
[EventDate "2003.07.07"]
[EventType "swiss"]
[EventRounds "7"]
[EventCountry "CAN"]

1. e4 e6 2. d4 d5 3. Nd2 c5 4. exd5 exd5 5. dxc5 Bxc5 6. Nb3 Be7 7. Nf3 Nf6 8.
Bg5 Bg4 9. Be2 O-O 10. O-O Nc6 11. Nh4 Bxe2 12. Qxe2 h6 13. Be3 Nd7 14. Nf5 Bf6
15. Qg4 Bg5 16. h4 g6 17. hxg5 gxf5 18. Qxf5 hxg5 19. Bxg5 Qe8 20. Bh6 Qe6 21.
Qg5+ Qg6 22. Qxg6+ fxg6 23. Bxf8 Rxf8 24. Rad1 Nf6 25. Nc5 b6 26. Ne6 Re8 27.
Rfe1 Nb4 28. c3 Nc6 29. Nf4 Rxe1+ 30. Rxe1 g5 31. Re6 gxf4 32. Rxf6 Ne5 33.
Rxf4 Nd3 34. Rd4 Nxb2 35. Rxd5 Na4 36. Rd8+ Kf7 37. Rd7+ Ke6 38. Rxa7 Nxc3 39.
Ra6 Nd5 40. a4 Ke5 41. Kf1 Kf4 42. Ke2 Ke5 43. Kf3 Kf5 44. g4+ Kg5 45. Kg3 Kh6
46. f4 Kg6 47. a5 Kh6 48. Rxb6+ Nxb6 49. axb6 Kg6 50. b7 Kh6 51. b8=Q Kg6 52.
f5+ Kg5 53. Qf4+ Kf6 54. g5+ Kg7 55. f6+ Kg6 56. Qe4+ Kxg5 57. f7 Kh5 58. f8=Q
Kg5 59. Qg4# 1-0

[Event "CYCC U12"]
[Site "Kapuskasing CAN"]
[Date "2003.07.08"]
[Round "3"]
[White "McDonald, Justin"]
[Black "Chung, Kevin"]
[Result "1/2-1/2"]
[WhiteElo "1793"]
[BlackElo "1324"]
[PlyCount "84"]
[EventDate "2003.07.07"]
[EventType "swiss"]
[EventRounds "7"]
[EventCountry "CAN"]
[Source "CFC"]
[SourceDate "2003.08.??"]

1. e4 e6 2. d4 d5 3. exd5 exd5 4. Bf4 Nf6 5. Nc3 Bb4 6. f3 O-O 7. Bd3 Nc6 8.
Nge2 Bxc3+ 9. bxc3 Re8 10. O-O Nh5 11. Qd2 Bd7 12. Rab1 b6 13. Rfe1 Nxf4 14.
Qxf4 Re6 15. Ng3 Rf6 16. Qg5 Rh6 17. Qxd5 Be6 18. Qxd8+ Rxd8 19. a3 Kf8 20.
Rbd1 Na5 21. Ne4 Bc4 22. h3 Bxd3 23. cxd3 Rc6 24. g4 g6 25. Kf2 h6 26. Rc1 Nb3
27. Rb1 Na5 28. Rec1 Re6 29. Re1 Rc6 30. Rec1 Re6 31. f4 f5 32. gxf5 gxf5 33.
Ng3 Rd5 34. Ne2 Nc6 35. c4 Nxd4 36. cxd5 Rxe2+ 37. Kg3 Re3+ 38. Kf2 Re2+ 39.
Kg3 Re3+ 40. Kh4 Nf3+ 41. Kh5 Nd4 42. Rxc7 Ne2 1/2-1/2

[Event "CYCC U12"]
[Site "Kapuskasing CAN"]
[Date "2003.07.08"]
[Round "3"]
[White "Rozybakiyev, Rasul"]
[Black "Thibert-Leduc, Julien"]
[Result "1-0"]
[WhiteElo "1363"]
[BlackElo "927"]
[PlyCount "97"]
[EventDate "2003.07.07"]
[EventType "swiss"]
[EventRounds "7"]
[EventCountry "CAN"]

1. e4 e5 2. Nf3 Nf6 3. Nxe5 Nxe4 4. Qe2 Bd6 5. Nxf7 Kxf7 6. Qf3+ Nf6 7. Bc4+
Ke8 8. O-O c6 9. Re1+ Be7 10. b3 d5 11. Bd3 Bg4 12. Qg3 Kf7 13. h3 Bd6 14. Qh4
g5 15. Qxg5 Rg8 16. Qh4 Ne4 17. Qxd8 Rxd8 18. hxg4 Re8 19. c4 Nc5 20. Rxe8 Kxe8
21. Bxh7 Nbd7 22. Bb2 Be5 23. d4 Nf6 24. Bf5 Bd6 25. dxc5 Bxc5 26. Bxf6 d4 27.
Nd2 Bf8 28. Nf3 Kf7 29. Bxd4 Rd8 30. Ne5+ Ke8 31. Re1 Rxd4 32. Nxc6+ Kf7 33.
Nxd4 Bb4 34. Re2 Bc3 35. Nb5 Bf6 36. Nd6+ Kg7 37. f4 Bd4+ 38. Kh1 a5 39. Re7+
Kf6 40. Re6+ Kg7 41. Rg6+ Kf8 42. Nxb7 Ke7 43. Nxa5 Bf6 44. c5 Bd4 45. c6 Bb6
46. Nb7 Bc7 47. Rg7+ Ke8 48. Rxc7 Kf8 49. Rd7 1-0

[Event "CYCC U12 w"]
[Site "Kapuskasing CAN"]
[Date "2003.07.07"]
[Round "1"]
[White "Plamondon, Andreanne"]
[Black "Sviridovitch, Alina"]
[Result "0-1"]
[WhiteElo "1189"]
[BlackElo "1965"]
[PlyCount "72"]
[EventDate "2003.07.07"]
[EventType "swiss"]
[EventRounds "6"]
[EventCountry "CAN"]

1. e4 c5 2. Nf3 e6 3. Nc3 a6 4. Bc4 b5 5. Be2 Bb7 6. O-O b4 7. Na4 Bxe4 8. Nxc5
Bxc5 9. d3 Bb7 10. b3 Nf6 11. Bg5 O-O 12. Qd2 Nc6 13. d4 Be7 14. Ne5 Nxe5 15.
dxe5 Ne4 16. Qxb4 Bxb4 17. Bxd8 Rfxd8 18. Bf3 Nc5 19. Be2 Bc3 20. Rab1 Bxe5 21.
Rfd1 d5 22. Rd2 Ne4 23. Rd3 a5 24. Rbd1 Ba6 25. c4 Nc3 26. R1d2 Nxe2+ 27. Rxe2
dxc4 28. Rxd8+ Rxd8 29. Re1 c3 30. g3 c2 31. Kg2 Bb7+ 32. f3 Rd1 33. Rxd1
cxd1=Q 34. a3 Bxf3+ 35. Kh3 Bg4+ 36. Kg2 Qf3+ 0-1

[Event "CYCC U12 w"]
[Site "Kapuskasing CAN"]
[Date "2003.07.07"]
[Round "1"]
[White "Smith, Hazel"]
[Black "Reid, Brianna"]
[Result "0-1"]
[WhiteElo "1849"]
[BlackElo "1084"]
[PlyCount "75"]
[EventDate "2003.07.07"]
[EventType "swiss"]
[EventRounds "6"]
[EventCountry "CAN"]

1. e4 g6 2. d4 d6 3. Nc3 Bg7 4. Nf3 Nf6 5. h3 Nbd7 6. Bd3 O-O 7. O-O c5 8. e5
dxe5 9. dxe5 Ne8 10. Re1 b6 11. Be4 Rb8 12. Bf4 Nc7 13. Bg3 Re8 14. Bc6 a6 15.
e6 fxe6 16. Ng5 Nf6 17. Qxd8 Rxd8 18. Bxc7 Rd2 19. Bxb8 Rxc2 20. Rad1 h6 21.
Nf3 Rxb2 22. Rd8+ Bf8 23. Rxc8 Kf7 24. Ne5+ Kg7 25. Nxg6 Nh7 26. Nxf8 Nxf8 27.
Na4 Rb4 28. Ba7 b5 29. Nxc5 a5 30. Nxe6+ Nxe6 31. Rxe6 Rc4 32. Rxe7+ Kf6 33.
Rcc7 b4 34. Bd5 Rh4 35. Re6+ Kf5 36. Rf7+ Kg5 37. Be3+ Kh5 38. Rf5# 0-1

[Event "CYCC U12 w"]
[Site "Kapuskasing CAN"]
[Date "2003.07.07"]
[Round "2"]
[White "Nguyen, Minh Ly"]
[Black "Smith, Hazel"]
[Result "0-1"]
[WhiteElo "1253"]
[BlackElo "1849"]
[PlyCount "126"]
[EventDate "2003.07.07"]
[EventType "swiss"]
[EventRounds "6"]
[EventCountry "CAN"]

1. d4 Nf6 2. c4 e6 3. Nf3 b6 4. g3 Bb7 5. Bg2 d5 6. O-O Be7 7. Bg5 O-O 8. Nbd2
h6 9. Bxf6 Bxf6 10. e3 Nc6 11. a3 a5 12. Rc1 a4 13. Re1 Qd7 14. cxd5 exd5 15.
Nb1 Na5 16. Nfd2 b5 17. Nc3 c6 18. b4 axb3 19. Nxb3 Nxb3 20. Qxb3 Rfb8 21. Ra1
Bc8 22. Qc2 Be7 23. Qc1 Ra5 24. Re2 Rba8 25. Rea2 Qa7 26. Nb1 Bd7 27. Qc3 b4
28. Qb3 bxa3 29. Nc3 Rb8 30. Qc2 g6 31. Rb1 Bf5 32. e4 dxe4 33. Rxb8+ Qxb8 34.
Bxe4 Be6 35. Ra1 Qe8 36. Qb1 Bd5 37. Bxd5 cxd5 38. Qb6 Qd8 39. Qxd8+ Bxd8 40.
Na2 Be7 41. Rb1 Ra4 42. Rb7 Bf8 43. Rb5 Rxd4 44. Kf1 Rd2 45. Nc3 d4 46. Ne4 a2
47. Nxd2 a1=Q+ 48. Rb1 Qc3 49. Ke2 Bb4 50. Ne4 Qc2+ 51. Kf3 Qxb1 52. Kf4 Qc1+
53. Ke5 d3 54. Kd4 d2 55. Nxd2 Qxd2+ 56. Kc4 Qc3+ 57. Kb5 Be7 58. Kb6 Qc5+ 59.
Ka6 Qb4 60. Ka7 Bd6 61. Ka6 Bc7 62. Ka7 Qb6+ 63. Ka8 Qb8# 0-1

[Event "CYCC U12 w"]
[Site "Kapuskasing CAN"]
[Date "2003.07.07"]
[Round "2"]
[White "Sviridovitch, Alina"]
[Black "Xiong, Sonja"]
[Result "1-0"]
[WhiteElo "1965"]
[BlackElo "1224"]
[PlyCount "81"]
[EventDate "2003.07.07"]
[EventType "swiss"]
[EventRounds "6"]
[EventCountry "CAN"]

1. d4 d5 2. c4 dxc4 3. Nc3 Nf6 4. Bg5 h6 5. Bxf6 gxf6 6. e3 Nc6 7. Bxc4 e5 8.
Qh5 Qe7 9. Nd5 Qd6 10. O-O-O Bd7 11. Kb1 O-O-O 12. Qxf7 Be6 13. Nb6+ axb6 14.
Qxe6+ Qxe6 15. Bxe6+ Kb8 16. Ne2 exd4 17. exd4 Bg7 18. d5 Nb4 19. a3 Na6 20. b4
b5 21. Nd4 c6 22. dxc6 bxc6 23. Nxc6+ Kc7 24. Nxd8 Rxd8 25. Rxd8 Kxd8 26. Rd1+
Ke7 27. Bc8 Nb8 28. Rd5 Kf7 29. Rxb5 Nc6 30. Rb7+ Kg6 31. Bf5+ Kxf5 32. Rxg7
Nd4 33. a4 Nc6 34. b5 Na5 35. b6 Ke5 36. Ra7 Nc6 37. b7 Kd5 38. Ra8 Kd6 39.
b8=Q+ Nxb8 40. Rxb8 Kc7 41. Rb2 1-0

[Event "CYCC U12 w"]
[Site "Kapuskasing CAN"]
[Date "2003.07.08"]
[Round "3"]
[White "Mignault, Emilie"]
[Black "Nguyen, Minh Ly"]
[Result "0-1"]
[WhiteElo "781"]
[BlackElo "1253"]
[PlyCount "68"]
[EventDate "2003.07.07"]
[EventType "swiss"]
[EventRounds "6"]
[EventCountry "CAN"]

1. e4 d5 2. Nc3 dxe4 3. Nxe4 Qd5 4. f3 Bf5 5. d3 c6 6. c4 Qa5+ 7. Bd2 Qc7 8. g4
Bxe4 9. dxe4 Nd7 10. Nh3 e6 11. Bf4 e5 12. Bg5 f6 13. Bh4 Bb4+ 14. Kf2 Qb6+ 15.
Kg2 Ne7 16. Bf2 Bc5 17. Be1 Qxb2+ 18. Bd2 Be3 19. Rb1 Qxd2+ 20. Qe2 b6 21. Rd1
Qxe2+ 22. Bxe2 Rd8 23. Rd3 Bd4 24. Ra3 a5 25. g5 Ng6 26. Kg3 h5 27. Kg2 Nc5 28.
gxf6 gxf6 29. Rf1 Rg8 30. f4 Nxf4+ 31. Kh1 Nxe2 32. Rxf6 Nxe4 33. Raf3 Nf2+ 34.
Nxf2 Rg1# 0-1

[Event "CYCC U12 w"]
[Site "Kapuskasing CAN"]
[Date "2003.07.08"]
[Round "3"]
[White "Smith, Hazel"]
[Black "Sviridovitch, Alina"]
[Result "1-0"]
[WhiteElo "1849"]
[BlackElo "1965"]
[PlyCount "73"]
[EventDate "2003.07.07"]
[EventType "swiss"]
[EventRounds "6"]
[EventCountry "CAN"]

1. e4 c5 2. f4 e6 3. e5 d6 4. Nf3 Qc7 5. c3 Nc6 6. d4 b6 7. Be2 Bb7 8. O-O
O-O-O 9. Qa4 Nge7 10. Na3 dxe5 11. dxe5 Nf5 12. Ba6 Bxa6 13. Qxa6+ Qb7 14. Qa4
f6 15. Qc4 Rd5 16. Re1 Qd7 17. Qe2 fxe5 18. fxe5 h6 19. Nb5 g5 20. c4 Rd3 21.
Nd6+ Rxd6 22. exd6 Ncd4 23. Qe4 Bxd6 24. Be3 e5 25. Rad1 g4 26. Nxd4 cxd4 27.
Bf2 h5 28. Qa8+ Bb8 29. Rxe5 Rf8 30. Bg3 h4 31. Rxf5 Qxf5 32. Qxb8+ Kd7 33.
Qc7+ Ke6 34. Qd6+ Kf7 35. Rf1 Qxf1+ 36. Kxf1 hxg3 37. Qxg3 1-0

[Event "CYCC U12 w"]
[Site "Kapuskasing CAN"]
[Date "2003.07.09"]
[Round "5"]
[White "Reid, Brianna"]
[Black "Sviridovitch, Alina"]
[Result "1/2-1/2"]
[WhiteElo "1084"]
[BlackElo "1955"]
[PlyCount "78"]
[EventDate "2003.07.07"]
[EventType "swiss"]
[EventRounds "6"]
[EventCountry "CAN"]
[Source "CFC"]
[SourceDate "2003.08.??"]

1. d4 Nf6 2. c4 e6 3. Nc3 Bb4 4. Qc2 c5 5. Nf3 Nc6 6. a3 cxd4 7. axb4 dxc3 8.
bxc3 O-O 9. Bg5 h6 10. Bh4 d6 11. e4 b6 12. Bd3 Bb7 13. O-O Rc8 14. Nd4 Ne5 15.
Bxf6 Qxf6 16. Rxa7 Ba8 17. Re1 d5 18. cxd5 Nxd3 19. Qxd3 exd5 20. f3 dxe4 21.
fxe4 Rce8 22. Nf5 Bxe4 23. Rxe4 Qxf5 24. Re3 Qg5 25. Rxe8 Rxe8 26. h3 Qf6 27.
Ra1 Rc8 28. Rc1 g6 29. c4 Qf4 30. Rc2 Qe5 31. Qc3 Qe6 32. c5 bxc5 33. bxc5 Re8
34. Rc1 Qe3+ 35. Qxe3 Rxe3 36. c6 Re8 37. Kf2 Kf8 38. Kf3 f6 39. Kf4 Kf7
1/2-1/2

[Event "CYCC U14"]
[Site "Kapuskasing CAN"]
[Date "2003.07.07"]
[Round "1"]
[White "Bainard, Nick"]
[Black "Peng, David"]
[Result "0-1"]
[WhiteElo "1365"]
[BlackElo "1994"]
[PlyCount "61"]
[EventDate "2003.07.07"]
[EventType "swiss"]
[EventRounds "7"]
[EventCountry "CAN"]

1. d4 d5 2. c4 e6 3. e3 Nf6 4. Nf3 Nbd7 5. Bd3 Be7 6. Nc3 dxc4 7. Bxc4 O-O 8.
O-O c5 9. b3 Nb6 10. Be2 Nbd5 11. Nxd5 Nxd5 12. Bb2 cxd4 13. Bxd4 Bf6 14. Bxf6
Qxf6 15. Qd4 Qxd4 16. Nxd4 e5 17. Nb5 Bd7 18. Nd6 Bc6 19. Nc4 Nc3 20. Bd3 e4
21. Bc2 Rfd8 22. a4 Rac8 23. f3 exf3 24. gxf3 Bd5 25. Na3 Be6 26. Rf2 Rd7 27.
Nb1 Nd1 28. Re2 Nxe3 29. Bxh7+ Kxh7 30. Rxe3 Rd1+ 31. Kf2 0-1